Aktuálne trendy v získavaní a výbere zamestnancov

Uložené v:
Podrobná bibliografia
Hlavný autor: Gontkovičová, Barbora, 1986-
Médium: Kapitola
Jazyk:Slovak
Predmet:
Tagy: Pridať tag
Žiadne tagy, Buďte prvý, kto otaguje tento záznam!

MARC

LEADER 00000nla a2200000 4500
001 0215461
005 20240502073608.6
041 0 |a slo 
044 |a SK 
245 1 0 |a Aktuálne trendy v získavaní a výbere zamestnancov  |c Barbora Gontkovičová 
500 |a Abstrakt 
610 2 0 |a zdroje ľudské 
610 2 0 |a výber pracovníkov 
610 2 0 |a nábor pracovníkov 
610 2 0 |a metódy 
100 1 |a Gontkovičová, Barbora, 1986-